000 00532nam a2200145 i 4500
001 30352
003 ES-MaACL
005 20230906154159.0
007 t|
008 030124s1915 ag ||||1| spa d
100 1 _aBastianini, René.
_926364
245 1 0 _aTablas de la preposición castellana
_b: modelos del uso castizo de la preposición castellana tomados de los mejores autores /
_cRené Bastianini.
260 _aBuenos Aires :
_bLibrería de A. García Santos,
_c[1915]
852 _aES-MaACL
_j1659-F-10
999 _c30352
_d30352